000 01427nam a2200337 4500
001 0000024025
003 CO-CtgCURN
005 20250429224939.0
007 ta
008 160627s2005 000 0 eng d
020 _a9589678033
040 _aCO-CtgCURN
_bspa
_ccoctgcurn
082 0 _a362.1782
_bG367
245 0 0 _aGerencia y Administración de sistemas de suministro de medicamentos esenciales /
_ceditores, Gloria Ines Jaramillo Gaviria, Jorge Eduardo Muñoz Marin.
250 _a4a. Ed.
260 _aMedellin :
_bCooperativa de Hospitales de Antioquia,
_c2005.
300 _a214 p.
336 _2rdacontent
337 _2rdamedia
_asin mediacion
_bn
338 _2rdacarrier
_avolumen
_bnc
504 _aIncluye bibliografia al final de cada capitulo.
505 8 _aDirecciónamiento estrategico -- Gestion del desarrollo humano -- Gestion del desarrollo sostenible -- Desarrollo tecnologico en la organizacion -- Selección y estimacion de necesidades de medicamentos e insumos hospitalarios esencial -- Promocion del uso adecuado de los medicamentos -- Comercializacion
650 1 4 _aMateria medica.
650 1 4 _aMedicamentos.
650 1 4 _aPrescripciones medicas.
700 1 _aJaramillo Gaviria, Gloria Inés.
700 1 _aMuñoz Marín, Jorge Eduardo.
908 _a160627
942 _cBK
_h362.1782
_iG367
_2ddc
999 _c43555
_d43555